LDR 01034naa#a2200217#i#450# 001 RU\\bibl\110261 005 20260515141935.5 011 ## _a2074-8183 100 ## _a20260331b2026####ek#y0rusy0150####ca 102 ## _aRU 200 1# _aСущность уголовного наказания в современной пенологии и доктрине уголовного права _eЖурнальная статья 210 1# _aВолгоград _cВолгоградская академия МВД России _d2026 215 ## _a9 с. 606 ## _aПравоохранительная деятельность. 40.05.02 _2local 608 ## _aЖурнальная статья _2local 675 ## _aНаказания. Воспитательные меры. 343.24 _z 686 ## _aУголовное право. 67408 _2bbk 686 ## _aУголовное право. 7581 _2tbk 686 ## _aУголовное право. 10.77 _2grnti 700 #1 _aКорсаков _gКонстантин Викторович 856 4# _ava-mvd.editorum.ru _u